000 00293nam a22001337a 4500
020 _a81-224-1173-6
041 _aENG
100 _aDas. L.D.V
245 _aPlant Breeding
260 _aPune
_bNew Age International
_c1998
300 _a334
650 _aAgricultural
856 _uAgricultural
999 _c443
_d443